Future modern distribution networks resilience : from passive operation to strategic active paradigms /

This book explores the concept of resilience in modern electrical power distribution networks, transitioning from passive operation to strategic active paradigms. It provides an in-depth analysis of resilience measures, risk and vulnerability assessment, and the integration of electricity and gas sy...

Full description

Bibliographic Details
Corporate Author: ScienceDirect (Online service)
Other Authors: Ameli, Mohammad Taghi (Editor)
Format: eBook
Language:English
Published: Amsterdam, Netherlands ; Oxford, United Kingdom ; Cambridge MA : Elsevier, [2024]
Subjects:
Online Access:Connect to the full text of this electronic book

MARC

Tag First Indicator Second Indicator Subfields
LEADER 00000cam a22000007i 4500
001 in00005772802
005 20260327175521.7
006 m o d
007 cr cnu---unuuu
008 240229s2024 ne ob 001 0 eng d
040 |a YDX  |b eng  |e rda  |c YDX  |d OCLKB  |d EBLCP  |d OPELS  |d OCLCO  |d UKAHL  |d OCLCQ  |d YDX  |d OCLCQ  |d N$T  |d SXB  |d OCLCQ  |d SFB  |d OCLCQ  |d OCLCL 
019 |a 1423558693  |a 1432754029 
020 |a 0443160872  |q electronic book 
020 |a 9780443160875  |q (electronic bk.) 
020 |z 9780443160868 
035 |a (OCoLC)1423685994  |z (OCoLC)1423558693  |z (OCoLC)1432754029 
050 4 |a TK3001  |b .F88 2024 
082 0 4 |a 621.319  |2 23 
049 |a TXAM 
245 0 0 |a Future modern distribution networks resilience :  |b from passive operation to strategic active paradigms /  |c edited by Mohammad Taghi Ameli [and others]. 
264 1 |a Amsterdam, Netherlands ;  |a Oxford, United Kingdom ;  |a Cambridge MA :  |b Elsevier,  |c [2024] 
300 |a 1 online resource 
336 |a text  |b txt  |2 rdacontent 
337 |a computer  |b c  |2 rdamedia 
338 |a online resource  |b cr  |2 rdacarrier 
504 |a Includes bibliographical references and index. 
505 0 |a Front Cover -- Future Modern Distribution Networks Resilience -- Future Modern Distribution Networks Resilience: From Passive Operation to Strategic Active Paradigms -- Copyright -- Contents -- Contributors -- About the editors -- 1 -- Introduction and literature review of resilience concept in power systems -- 1.1 Introduction -- 1.2 Resilience in power systems and its importance -- 1.3 Understanding resilience -- 1.4 Resilience curve -- 1.4.1 Resilience triangle -- 1.4.2 Resilience trapezoid -- 1.5 Resilience measures -- 1.5.1 Short-term resilience measures 
505 8 |a 1.5.2 Long-term resilience measures -- 1.6 Taxonomy of strategies employed for enhancement of power systems' resilience -- 1.6.1 Preevent preparation -- 1.6.2 Corrective actions and emergency response -- 1.6.3 Restoration actions -- 1.7 Conclusion -- References -- 2 -- Risk and vulnerability assessment in power systems: A comprehensive review of challenges and outlook -- 2.1 Introduction -- 2.2 Events causing vulnerability -- 2.2.1 Cascading failure -- 2.3 Conceptual framework for vulnerability assessment -- 2.4 Time framework for vulnerability assessment -- 2.5 Security/vulnerability boundary 
505 8 |a 2.6 Vulnerability/risk indices -- 2.7 Contribution of protection system in system vulnerability -- 2.8 Cyber vulnerability -- 2.9 Approaches for evaluating vulnerability/security -- 2.9.1 Modeling and simulation approaches for vulnerability assessment -- 2.9.1.1 Static security assessment -- 2.9.1.2 Dynamic security assessment -- 2.9.2 Probabilistic vulnerability assessment -- 2.9.3 Data-driven approaches for vulnerability assessment -- 2.9.3.1 Neural network application -- 2.9.3.2 Support vector machine -- 2.9.3.3 Decision tree -- 2.9.4 Principle of training data for machine learning application 
505 8 |a 2.9.4.1 Dataset generation -- 2.9.4.2 Feature selection and extraction -- 2.10 Remedial actions mitigating vulnerability -- 2.11 Conclusions -- References -- 3 -- Resilience vs. reliability metrics in power systems: A conceptual overview -- 3.1 Introduction -- 3.2 On the concept of metrics -- 3.2.1 Preliminaries -- 3.2.2 Resilience metrics -- 3.3 Resilience vs. reliability metrics: A comparison -- 3.3.1 Challenges with resilience metrics -- 3.3.2 Development of customer-centered metrics for reliability and resilience -- 3.4 Classification of power system resilience metrics 
505 8 |a 3.4.1 The first category: Reliability-based and nonreliability-based metrics -- 3.4.2 The second category: Performance-based and nonperformance-based metrics -- 3.5 Conclusions -- Abbreviations -- References -- 4 -- A survey on the role of integrated electricity and gas systems for enhancing the resilience -- 4.1 Introduction -- 4.2 Concept of resilience in the IES -- 4.2.1 Integrated electricity and natural gas system -- 4.2.2 Resilience definition in integrated energy systems -- 4.2.3 Increasing resilience in IES 
588 |a Description based on online resource; title from digital title page (viewed on May 09, 2024). 
520 |a This book explores the concept of resilience in modern electrical power distribution networks, transitioning from passive operation to strategic active paradigms. It provides an in-depth analysis of resilience measures, risk and vulnerability assessment, and the integration of electricity and gas systems to enhance resilience. The text discusses advanced technologies, metrics, and strategies for improving distribution systems' performance in the face of natural disasters and extreme events. It also examines cost-benefit analyses for resilience upgrades and recovery techniques for power systems. The intended audience includes researchers, engineers, and professionals in the field of electrical engineering and power systems planning, aiming to enhance infrastructure reliability and adaptability. 
650 0 |a Electric power distribution. 
650 0 |a Electric power production. 
650 6 |a Électricité  |x Production. 
650 7 |a electric power production.  |2 aat 
655 7 |a Electronic books.  |2 local 
700 1 |a Ameli, Mohammad Taghi,  |e editor. 
710 2 |a ScienceDirect (Online service) 
856 4 0 |u http://proxy.library.tamu.edu/login?url=https://www.sciencedirect.com/science/book/9780443160868  |z Connect to the full text of this electronic book  |t 0 
955 |a Elsevier ScienceDirect 2026-2027 
994 |a 92  |b TXA 
999 f f |i 7aea5c79-2aed-428b-bf0d-0727317ad9c0  |s a6e9eff2-fab0-42b0-b45d-25ecc1e1027d  |t 0 
952 f f |a Texas A&M University  |b College Station  |c Electronic Resources  |s www_evans  |d Available Online  |t 0  |e TK3001 .F88 2024  |h Library of Congress classification 
998 f f |a TK3001 .F88 2024  |t 0  |l Available Online